Strategy in the contemporary world / (Record no. 192757)

MARC details
000 -LEADER
fixed length control field 01141nam a2200313 i 4500
003 - CONTROL NUMBER IDENTIFIER
control field UkMaC
005 - DATE AND TIME OF LATEST TRANSACTION
control field 20251217163952.0
008 - FIXED-LENGTH DATA ELEMENTS--GENERAL INFORMATION
fixed length control field 211206t20222022enkab b 001 0 eng d
020 ## - INTERNATIONAL STANDARD BOOK NUMBER
International Standard Book Number 9780192845719
Qualifying information paperback
040 ## - CATALOGING SOURCE
Original cataloging agency StDuBDS
Language of cataloging eng
Description conventions rda
Transcribing agency StDuBDS
Modifying agency MY-SjTCS
082 04 - DEWEY DECIMAL CLASSIFICATION NUMBER
Classification number 355.02
Item number STR 2022
245 00 - TITLE STATEMENT
Title Strategy in the contemporary world /
Statement of responsibility, etc. edited by John Baylis, James J. Wirtz, Jeannie L. Johnson.
250 ## - EDITION STATEMENT
Edition statement Seventh edition.
264 #1 - PRODUCTION, PUBLICATION, DISTRIBUTION, MANUFACTURE, AND COPYRIGHT NOTICE
Place of production, publication, distribution, manufacture Oxford :
Name of producer, publisher, distributor, manufacturer Oxford University Press,
Date of production, publication, distribution, manufacture, or copyright notice [2022]
264 #4 - PRODUCTION, PUBLICATION, DISTRIBUTION, MANUFACTURE, AND COPYRIGHT NOTICE
Date of production, publication, distribution, manufacture, or copyright notice ©2022
300 ## - PHYSICAL DESCRIPTION
Extent xxi, 464 pages :
Other physical details illustrations (black and white), maps (black and white) ;
Dimensions 25 cm
336 ## - CONTENT TYPE
Content type term text
Source rdacontent
337 ## - MEDIA TYPE
Media type term unmediated
Source rdamedia
338 ## - CARRIER TYPE
Carrier type term volume
Source rdacarrier
500 ## - GENERAL NOTE
General note Previous edition: 2019.
504 ## - BIBLIOGRAPHY, ETC. NOTE
Bibliography, etc. note Includes bibliographical references (pages [429]-446) and index.
650 #0 - SUBJECT ADDED ENTRY--TOPICAL TERM
Topical term or geographic name entry element Strategy
9 (RLIN) 26838
650 #0 - SUBJECT ADDED ENTRY--TOPICAL TERM
Topical term or geographic name entry element Military policy
9 (RLIN) 91508
650 #0 - SUBJECT ADDED ENTRY--TOPICAL TERM
Topical term or geographic name entry element World politics
9 (RLIN) 203327
700 1# - ADDED ENTRY--PERSONAL NAME
Personal name Baylis, John,
Dates associated with a name 1946-
Relator term editor.
9 (RLIN) 13993
700 1# - ADDED ENTRY--PERSONAL NAME
Personal name Wirtz, James J.,
Dates associated with a name 1958-
Relator term editor.
9 (RLIN) 305055
700 1# - ADDED ENTRY--PERSONAL NAME
Personal name Johnson, Jeannie L.,
Relator term editor.
9 (RLIN) 308841
920 ## - Programme
Programme SLAS : 339290
Holdings
Withdrawn status Lost status Source of classification or shelving scheme Damaged status Not for loan Home library Current library Date acquired Source of acquisition Cost, normal purchase price Inventory number Total Checkouts Barcode Date last seen Uniform Resource Identifier Cost, replacement price Price effective from Koha item type Public note
    Dewey Decimal Classification     Taylor's Library-TU Taylor's Library-TU 20/11/2025 42 275.00 TU700001853   5000176518 20/11/2025 Floor 2, Shelf 1 , Side 2, TierNo 1, BayNo 1 275.00 20/11/2025 Reserve Collection SLASx,91614,03,RM